000
00311 a2200133 4500
000
nam a22 7a 4500
100
_a
Shakir, M
110
_a
Shakir, M
245
_a
China international organizations membership
250
_a
Latest edition
260
_b
DPIT
_c
2023
264
_b
DPIT
_c
2023
942
_c
BK
999
_c
313115
_d
313115